Modul ARB&ARG pre NDS
Uložené v:
| Hlavný autor: | |
|---|---|
| Ďalší autori: | |
| Médium: | Rukopis Kniha |
| Jazyk: | Slovak |
| Vydavateľské údaje: |
2024
|
| Predmet: | |
| On-line prístup: | http://is.stuba.sk/zp/portal_zp.pl?podrobnosti=173753 |
| Tagy: |
Žiadne tagy, Buďte prvý, kto otaguje tento záznam!
|
MARC
| LEADER | 00000ntm a22000003a 4500 | ||
|---|---|---|---|
| 001 | stuzp99357 | ||
| 003 | SK-STU | ||
| 005 | 20240622210906.3 | ||
| 007 | ta | ||
| 008 | 150427s2015----xo-----f-mn---000-0-slo-d | ||
| 040 | |a STU |b slo | ||
| 041 | 0 | |a slo | |
| 100 | 1 | |a Horecký, Marek |u 047220 |4 aut |U FCHPT Ústav informatizácie, automatizácie a matematiky |T FCHPT Oddelenie informatizácie a riadenia procesov |X 115980 |U C7220 |Y 121 |7 115980 | |
| 242 | 0 | 1 | |a ARB&ARG Module for NDS |y eng |
| 245 | 1 | 0 | |a Modul ARB&ARG pre NDS |
| 260 | |c 2024 | ||
| 650 | 4 | |a Laravel |2 slo | |
| 650 | 4 | |a CRUD |2 slo | |
| 650 | 4 | |a Databáza |2 slo | |
| 650 | 4 | |a Database |2 eng | |
| 650 | 4 | |a CRUD |2 eng | |
| 650 | 4 | |a Laravel |2 eng | |
| 700 | 1 | |a Čirka, Ľuboš |u 047220 |k Z1 |4 ths |U FCHPT Ústav informatizácie, automatizácie a matematiky |T FCHPT Oddelenie informatizácie a riadenia procesov |X 101 |U C7220 |Y 121 |7 A000000101 | |
| 856 | 4 | |u http://is.stuba.sk/zp/portal_zp.pl?podrobnosti=173753 | |